000 01016cam a2200217 4500
001 ABS66530
008 030331n2003 000 0 eng u
035 _a(Sirsi) u121791
100 _aCroser, J.
245 _aExtranet extras
260 _c2003
490 _aArchitects' Journal
_v217(11) 20 March 2003, 73-74(2)
520 _aExamines the lack of the use of extranets in architects' practices. Argues that they can give users a wide range of benefits to help them with workflow. Explains that an extranet is a mechanism for storing information so that anyone with internet or a Virtual Private Network connection can access the data. Assesses the ease of use of various systems and suggests a list of websites for more product information. For more information on extranets visit http://www.extranetnews.com
590 _aABS
650 _aEXTRANETS
650 _aINFORMATION ACCESS
650 _aWEBSITES
650 _aPRACTICE MANAGEMENT
690 _aINFORMATION TECHNOLOGY-INTERNET
942 _n0
999 _c72383
_d72383